00433nam a2200145 a 4500008004100000050001800041100002300059245006600082260003200148300001800180350000900198650002400207650001300231650004300244120416s1954 ||||||||||||||||| || u aHD 6972.5 Ind aKornhauser, Arthur10aIndustrial conflictcedited by Arthur Kornhauser (and others) aNew YorkbMcGraw-Hillc1954 axi, 551 pages a0.00 0aCONFLICT MANAGEMENT aINDUSTRY aARBITRATION, INDUSTRIAL--GREAT BRITAIN